| 000 | 00667nam a2200277Ia 4500 | ||
|---|---|---|---|
| 008 | 160716s9999||||xx |||||||||||||| ||und|| | ||
| 040 | _cenglish | ||
| 082 | _aix/venkateshwaran | ||
| 082 | _bBORI-92180 | ||
| 100 | _ap. s. venkateswaran | ||
| 245 | _ayoga for you | ||
| 260 | _bjaico publishing | ||
| 300 | _a32 | ||
| 300 | _ca | ||
| 300 | _epaperback | ||
| 530 | _bbalkrishna limaye | ||
| 530 | _u00092156.pdf | ||
| 563 | _astudy | ||
| 600 | _ap. s. venkateswaran | ||
| 630 | _ayoga for you | ||
| 650 | _a"nyaya, yoga, tantra, vedanta" | ||
| 650 | _adarshanas | ||
| 700 | _ap. s. venkateswaran | ||
| 730 | _ayoga for you | ||
| 942 | _cBOOK | ||
| 999 |
_c1399329 _d1399326 |
||